000 00873nam a2200265 a 4500
005 20151120114231.0
008 140224b1993 ck ||||| |||| 00| 0 spa d
040 _aCO-BoIAVH
_cCO-BoIAVH
041 _aspa
044 _ack
090 _aLB
_b00856
110 _bInterconexión Eléctrica S. A. ESP.
_942463
245 _aPlan de manejo ambiental
_brepotenciación de la línea Torca-noroeste
260 _aBogotá
_bISA
_c1993
300 _a110 p.
650 _aManejo ambiental
_91309
650 _aImpacto ambiental
_942464
650 _aElectrificación
_942465
650 _aLíneas de transmisión
_942466
650 _aPlanes de manejo ambiental
_942467
662 _aColombia
_cVereda Las Juntas
_dTenjo
_bCundinamarca
662 _cVereda Vuelta Grande
_dCota
_bCundinamarca
662 _aColombia
_cVereda La Conejera
_dBogotá
_bCundinamarca
942 _cINFORME
_2z
999 _c868
_d868